Χρονολογικά προβλήματα της ελληνιστικής κεραμεικής : Β' Επιστημονική συνάντηση για την ελληνιστική κεραμεική, πρακτικά, Ρόδος, 22-25 Μαρτίου 1989

Αποθηκεύτηκε σε:
Λεπτομέρειες βιβλιογραφικής εγγραφής
Συγγραφή απο Οργανισμό/Αρχή: Επιστημονική συνάντηση για την ελληνιστική κεραμεική Ρόδος
Μορφή: Πρακτικό Συνεδρίου Βιβλίο
Γλώσσα:Greek
English
French
German
Δημοσίευση: Αθήνα : Υπουργείο Πολιτισμού, 1990.
Θέματα:
Ετικέτες: Προσθήκη ετικέτας
Δεν υπάρχουν, Καταχωρήστε ετικέτα πρώτοι!

MARC

LEADER 00000cam a2200000 i 4500
001 1/8026
008 000626s1990 gr | ||| |||| ||gre||
020 |a 9602149523 
035 |l 10062522 
040 |a GR-MY-UA  |b gre  |e aacr 
041 0 |a gre  |a eng  |a fre  |a ger 
082 7 |a 738.0938   |2 (22) 
111 2 |a Επιστημονική συνάντηση για την ελληνιστική κεραμεική  |n (2η :  |d 1989 :  |c Ρόδος) 
245 1 0 |a Χρονολογικά προβλήματα της ελληνιστικής κεραμεικής :   |b Β' Επιστημονική συνάντηση για την ελληνιστική κεραμεική, πρακτικά, Ρόδος, 22-25 Μαρτίου 1989  
246 3 3 |a Β' Επιστημονική συνάντηση για την ελληνιστική κεραμεική, πρακτικά, Ρόδος, 22-25 Μαρτίου 1989  
260 |a Αθήνα :   |b Υπουργείο Πολιτισμού,   |c 1990.  
300 |a [ποικίλη αρίθμηση] :   |b εικ. ;   |c 28 εκ.  
500 |a Άνω του τίτλου: Υπουργεία Πολιτισμού και Αιγαίου, Νομαρχία Δωδεκανήσου - Δήμος Ρόδου.  
650 0 0 |a Pottery, Hellenistic  |x Congresses. 
852 |a INST  |b RHODES  |e 20000626  |h 738.0938 ΕΠΙ  |p 005400010608  |q 005400010608  |t BK  |y 0 
852 |a INST  |b RHODES  |e 20030703  |h 738.0938 ΕΠΙ  |p 005400020255  |q 005400020255  |t BK  |y 0 
852 |a INST  |b RHODES  |e 20030703  |h 738.0938 ΕΠΙ  |p 005400020256  |q 005400020256  |t BK  |y 0 
922 |a 4ΕΛΗ  |b 199706 
970 |z 2000/06